| 000 | 01260nam a2200349 a 4500 | ||
|---|---|---|---|
| 001 | 000014704 | ||
| 003 | DO-SdBNP | ||
| 005 | 20221114121312.0 | ||
| 008 | 100119s2009 dr ac r 000 0 spa d | ||
| 020 | _a9789945443448 | ||
| 040 |
_aDO-SdBNP _bspa _cBPMSU |
||
| 082 |
_a927.929 _bH117T 2009 _222 |
||
| 100 | 1 | _aTolentino, Marianne de | |
| 245 | 1 | 0 |
_aÁngel Haché en escena / _cMarianne de Tolentino ; presentación Augusto Feria. |
| 260 |
_aSanto Domingo : _bBanco Central de la República Dominicana, _c2009. |
||
| 300 |
_a190 p. : _bil. ; retrs. ; _c28 cm. |
||
| 490 | 0 |
_aBanco Central de la República Dominicana ; _aArte y literatura _v116 |
|
| 500 | _aIncluye índice onomástico | ||
| 500 | _aIncluye notas al pie de las páginas | ||
| 504 | _aBibliografía : p. 182 | ||
| 590 | _aInventariado, 2022/VM | ||
| 600 | 1 | 4 |
_aHaché, ÁngeL, _d1943- |
| 650 | 4 |
_aArtistas dominicanos _xBiografías |
|
| 650 | 4 |
_aActores _zRepública Dominicana |
|
| 650 | 4 |
_aProductores y directores teatrales _zRepública Dominicana |
|
| 650 | 4 | _aActuación cinematográfica | |
| 700 | 1 |
_aFeria, Augusto _eed. |
|
| 830 | 0 |
_aBanco Central de la República Dominicana _n116 |
|
| 830 | 0 |
_aArte y Literatura _n50 |
|
| 910 | _aVMateo V./Validado | ||
| 942 |
_2ddc _cBK |
||
| 999 |
_c14324 _d14324 |
||